000 01095nam a2200301 a 4500
003 BLK
005 20241227105926.0
008 230821b bul|||||r ||||||| ||bul||
020 _a9789545534409
040 _aBLK
041 _aBUL
_cBUL
080 _aГрузинска литература
_b821.353.1
_x-31
_z821.353.1-31
100 _aАдамашвили, Бека
_9479836
245 1 0 _aБестселър
_cБека Адамашвили; прев. от нем. Алеко Дянков.
257 _aBGR
260 _aСофия
_bПарадокс
_c2022
_9209722
_n978-954-553-
300 _a160 с.
_c21 см
380 _aX
500 _aОриг. загл. на груз. ез.
700 _aДянков, Алеко Кръстанов
_9381694
852 _bП
_c821-31/А 28 Б
852 _bЦб
_aЦб 320834
856 4 _qpdf
_i0.00
_ldisable
856 4 _qpdf
_i0.00
_ldisable
942 _cKNG
_n0
_s1
_017
944 _k30553
_cГеновева Генчева
_lИваничка Йорданова
999 _c494862
_d494862